000 00748nam a22002177a 4500
003 0
005 20251029104322.0
008 251029b xxu||||| |||| 00| 0 eng d
020 _a979-8-89161-454-3
050 _aG 156.5.T5
_b.Su85 2025
100 _aSullivan, Sawyer,
_eauthor.
245 _aApplied business tools and technologies in tourism /
_cSawyer Sullivan.
260 _aJersey City, USA :
_bAlexis Press,
_c2025.
300 _ax, 298 pages :
_bcolored illustrations ;
_c27 cm.
504 _aIncludes bibliographical references and index.
650 _aTourism
_xTechnological innovations.
650 _aTourism
_xManagement.
650 _aInformation technology
_xManagement.
650 _aBusiness
_xData processing.
942 _2lcc
_cBK
999 _c368396
_d368396